000 00547nam a2200133Ia 4500
008 100328s9999 xx 000 0 und d
082 _b65746
100 _aरघुवंशी रमेश.
245 _aअलौकिक इच्छाशक्ती कशी वाढवावी.
260 _bश्रीगजानन.
630 _aअलौकिक इच्छाशक्ती कशी वाढवावी.
730 _aअलौकिक इच्छाशक्ती कशी वाढवावी.
942 _cBOOK
999 _c551491
_d551488